<?xml version="1.0" encoding="UTF-8"?>
<marc:record xmlns:marc="http://www.loc.gov/MARC21/slim">
   <marc:leader>00000nam a2200000 a 4500</marc:leader>
   <marc:datafield ind1="1" ind2=" " tag="100">
      <marc:subfield code="a">Lind, Hera</marc:subfield>
      <marc:subfield code="4">aut</marc:subfield>
      <marc:subfield code="e">Verfasser/-in</marc:subfield>
   </marc:datafield>
   <marc:datafield ind1=" " ind2=" " tag="653">
      <marc:subfield code="a">Deutsche Literatur</marc:subfield>
   </marc:datafield>
   <marc:datafield ind1="0" ind2="0" tag="245">
      <marc:subfield code="a">Der Prinz aus dem Paradies</marc:subfield>
   </marc:datafield>
   <marc:datafield ind1="0" ind2="0" tag="245">
      <marc:subfield code="b">Roman nach einer wahren Geschichte</marc:subfield>
   </marc:datafield>
   <marc:datafield ind1=" " ind2="1" tag="264">
      <marc:subfield code="b">Diana Verlag</marc:subfield>
      <marc:subfield code="c">2017</marc:subfield>
   </marc:datafield>
   <marc:datafield ind1="1" ind2=" " tag="520">
      <marc:subfield code="a">Angaben aus der Verlagsmeldung &lt;br/&gt; &lt;br/&gt;Hiltrud lernt Nisha in Sri Lanka kennen. Er nimmt sie mit auf ein Vollmondfest am Meer mit weißen Elefanten und schon bald ist es um sie geschehen. Zurück in Deutschland, bemüht sie sich um ein Visum für den 27-jährigen Singhalesen und übernimmt trotz begrenzter finanzieller Möglichkeiten eine Bürgschaft für ihn. Sie ahnt noch nicht, dass Nisha sie bitter enttäuschen wird. Dass sie ihm verzeiht, grenzt an ein Wunder. Doch für eine Frau, die tief in die Herzen der Menschen sieht, ist es eine Selbstverständlichkeit. Eine wahre Geschichte, wie sie nur Hera Lind schreiben kann.</marc:subfield>
   </marc:datafield>
   <marc:datafield ind1=" " ind2=" " tag="020">
      <marc:subfield code="a">9783453359277</marc:subfield>
      <marc:subfield code="9">9783453359277</marc:subfield>
   </marc:datafield>
</marc:record>
